Largest Cities In Pennsylvania - Statistics

General Stats
  • This quiz has been taken 13 times
  • The average score is 10 of 20
Answer Stats
Rank Population City % Correct
4 98,156 Erie
100%
13 49,230 Harrisburg
100%
1 1,575,522 Philadelphia
100%
2 303,587 Pittsburgh
100%
7 76,869 Scranton
100%
3 120,410 Allentown
82%
9 59,503 Lancaster
82%
5 88,211 Reading
73%
17 44,044 York
73%
12 55,555 Bethlehem
64%
18 42,256 State College
55%
16 44,372 Altoona
45%
8 60,370 Bensalem
9%
19 41,519 Penn Hills
9%
6 82,846 Upper Darby
9%
11 55,573 Abington
0%
14 49,162 Haverford
0%
20 41,154 Hempfield
0%
10 58,735 Lower Merion
0%
15 48,739 Lower Paxton
0%
No matching quizzes found
Score Distribution
Percent of People with Each Score
Percentile by Number Answered
Your Score History
You have not taken this quiz